<?xml version="1.0" encoding="UTF-8"?>
<record
    xmlns:xsi="http://www.w3.org/2001/XMLSchema-instance"
    xsi:schemaLocation="http://www.loc.gov/MARC21/slim http://www.loc.gov/standards/marcxml/schema/MARC21slim.xsd"
    xmlns="http://www.loc.gov/MARC21/slim">

  <leader>00606nam a22001937a 4500</leader>
  <datafield tag="999" ind1=" " ind2=" ">
    <subfield code="c">187557</subfield>
    <subfield code="d">187557</subfield>
  </datafield>
  <controlfield tag="005">20220422170753.0</controlfield>
  <datafield tag="010" ind1=" " ind2=" ">
    <subfield code="a">ENG-132363</subfield>
  </datafield>
  <datafield tag="020" ind1=" " ind2=" ">
    <subfield code="a">9788123780481</subfield>
    <subfield code="c">125.00</subfield>
  </datafield>
  <datafield tag="035" ind1=" " ind2=" ">
    <subfield code="a">EN-115895</subfield>
  </datafield>
  <datafield tag="037" ind1=" " ind2=" ">
    <subfield code="b">DBAD/PUB</subfield>
  </datafield>
  <datafield tag="082" ind1=" " ind2=" ">
    <subfield code="a">512.70954</subfield>
    <subfield code="b">1</subfield>
  </datafield>
  <datafield tag="100" ind1=" " ind2=" ">
    <subfield code="a">Deshpande, S.P.</subfield>
  </datafield>
  <datafield tag="245" ind1=" " ind2=" ">
    <subfield code="a">Concept of ZERO/</subfield>
    <subfield code="c">S.P. Deshpande</subfield>
  </datafield>
  <datafield tag="250" ind1=" " ind2=" ">
    <subfield code="a">1st edition</subfield>
  </datafield>
  <datafield tag="260" ind1=" " ind2=" ">
    <subfield code="a">New Delhi</subfield>
    <subfield code="b">National Book Trust</subfield>
  </datafield>
  <datafield tag="270" ind1=" " ind2=" ">
    <subfield code="a">Nehra Bhawan, 5 Institutional Area , Phase- 11 , Vasant Kunj</subfield>
    <subfield code="b">Delhi</subfield>
    <subfield code="e">110070</subfield>
  </datafield>
  <datafield tag="300" ind1=" " ind2=" ">
    <subfield code="a">ix, 129p.</subfield>
    <subfield code="b">Acknowledgement , preface</subfield>
    <subfield code="c">21.8cm(pbk)</subfield>
  </datafield>
  <datafield tag="942" ind1=" " ind2=" ">
    <subfield code="2">ddc</subfield>
    <subfield code="c">EN</subfield>
    <subfield code="h">512.70954</subfield>
    <subfield code="m">DES</subfield>
  </datafield>
  <datafield tag="952" ind1=" " ind2=" ">
    <subfield code="0">0</subfield>
    <subfield code="1">0</subfield>
    <subfield code="4">0</subfield>
    <subfield code="7">0</subfield>
    <subfield code="8">NFIC</subfield>
    <subfield code="a">BL1</subfield>
    <subfield code="b">BL1</subfield>
    <subfield code="d">2022-04-22</subfield>
    <subfield code="e">DBAD/PUB</subfield>
    <subfield code="g">125.00</subfield>
    <subfield code="l">0</subfield>
    <subfield code="o">512.70954 DES</subfield>
    <subfield code="p">EN-115895</subfield>
    <subfield code="r">2022-04-22 00:00:00</subfield>
    <subfield code="t">1</subfield>
    <subfield code="v">125.00</subfield>
    <subfield code="y">EN</subfield>
  </datafield>
</record>
